| 000 | 01053aam a2200325 i 4500 | ||
|---|---|---|---|
| 001 | 768714001 | ||
| 003 | CO-MdFUSB | ||
| 005 | 20251111105311.0 | ||
| 007 | ta | ||
| 008 | 251111t1984 ec |||| |||| 00| 0 spa d | ||
| 020 | _a0-8474-3720-5 | ||
| 040 | _cCO-MdFUSB | ||
| 041 | 0 |
_aspa _heng |
|
| 082 | 0 | 4 |
_223 _a266.0092 _bJ421c |
| 100 | 1 |
_aJohnson de Jay, Ruth _eautor |
|
| 240 | _aChristian with courage | ||
| 245 | 1 | 0 |
_aCristianos intrépidos _c/ Ruth Johnson de Jay ; traducido por Ana María de Dahlquist |
| 264 | 1 |
_bLa Biblia dice, _aQuito, Ecuador : _c[1984] |
|
| 264 | 4 | _c©1984 | |
| 300 |
_a76 páginas _c; 17 cm |
||
| 336 |
_atexto _btxt _2rdacontent |
||
| 337 |
_2rdamedia _asin mediación _bn |
||
| 338 |
_2rdacarrier _avolumen _bnc |
||
| 505 | _aJaime Hudson Taylor. -- Wilfredo Grenfell. -- H. A. Ironside. -- Juan Knox. -- Guillermo T. Studd. -- Martín Lutero. | ||
| 563 | _aRústico | ||
| 653 | _aCristianos intrépidos | ||
| 700 |
_aDahlquist, Ana María de, _912026 _etraductor |
||
| 942 | _cBK | ||
| 945 | _aJTF-925 | ||
| 999 |
_c37817 _d37817 |
||